000 00580nam a2200181Ia 4500
008 090201s9999 xx 000 0 und d
010 _aKPL-67916
040 _bमराठी
041 _aमराठी
082 _a45832
_b67916
100 _aगुरुनाथ नाईक
245 _aखतरनाक थ्रिस्टार
_cगुरुनाथ नाईक
250 _a1
260 _c2005
_bमनोरमा प्रकाशन
300 _a173
_bमोठा
600 _aखतरनाक थ्रिस्टार
942 _cBOOK
999 _c242723
_d242723